LIBRARY & INFORMATION CENTRE, KCAET, TAVANUR

ONLINE PUBLIC ACCESS CATALOGUE (OPAC)

Approach to individual analysis in educational and vocational guidance / (Record no. 11431)

MARC details
000 -LEADER
fixed length control field 00523cam a2200181ua 4500
041 ## - LANGUAGE CODE
Language code of text/sound track or separate title eng
082 ## - DEWEY DECIMAL CLASSIFICATION NUMBER
Classification number 371.4
Item number SEG/AN
100 ## - MAIN ENTRY--AUTHOR NAME
Personal name Segel, David .
245 ## - TITLE STATEMENT
Title Approach to individual analysis in educational and vocational guidance /
250 ## - EDITION STATEMENT
Edition statement 1 /
260 ## - PUBLICATION, DISTRIBUTION, ETC. (IMPRINT)
Place of publication :
Name of publisher U S Department of health education and welfare ,
Year of publication 1958.
300 ## - PHYSICAL DESCRIPTION
Number of Pages 39 ; .
700 1# - ADDED ENTRY--PERSONAL NAME
Personal name Hamilton, Allen T .
700 1# - ADDED ENTRY--PERSONAL NAME
Personal name Wellman, Frank E .
942 ## - ADDED ENTRY ELEMENTS (KOHA)
Koha item type Books
Holdings
Withdrawn status Lost status Damaged status Home library Current library Date acquired Full call number Accession Number Koha item type
Withdrawn     KAUAET Sanskrit University 07/04/2012 371.4 715 Books
free website counter